|
|
|
|
| LEADER |
01773nam a2200325 a 4500 |
| 001 |
32054 |
| 003 |
BD-DhAAL |
| 005 |
20211116111826.0 |
| 008 |
170924s2008 nyua 000 0 eng |
| 999 |
|
|
|c 38269
|d 38269
|
| 010 |
|
|
|a 85020468
|
| 020 |
|
|
|a 9650060367
|
| 040 |
|
|
|a DLC
|c DLC
|d DLC
|d BD-DhAAL
|
| 050 |
0 |
0 |
|a NA2520
|b .L3613 1986
|
| 082 |
0 |
0 |
|a 720
|2 19
|
| 100 |
0 |
|
|a Le Corbusier,
|d 1887-1965.
|9 22335
|
| 240 |
1 |
0 |
|a Vers une architecture.
|l English
|
| 245 |
1 |
0 |
|a Towards a new architecture /
|c Le Corbusier
|
| 260 |
|
|
|a New York :
|b BN Publishing,
|c 2008
|
| 300 |
|
|
|a xix, 289 pages :
|b illustrations ;
|c 24 cm.
|
| 526 |
|
|
|a ARC
|
| 541 |
|
|
|e 32054, 32055, 32056, 32057, 32058
|
| 650 |
|
0 |
|a Architecture.
|9 22336
|
| 650 |
|
0 |
|a Functionalism (Architecture)
|9 22337
|
| 942 |
|
|
|2 ddc
|c BK
|
| 952 |
|
|
|0 0
|1 0
|2 ddc
|4 0
|6 720_000000000000000_LEC
|7 0
|9 61341
|a BRACUL
|b BRACUL
|c GEN
|d 2017-09-24
|e Karim International
|g 1930.00
|l 2
|m 30
|o 720 LEC
|p 3010032054
|r 2021-12-23
|s 2021-12-15
|t 1
|v 1930.00
|w 2017-09-24
|y BK
|
| 952 |
|
|
|0 0
|1 0
|2 ddc
|4 0
|6 720_000000000000000_LEC
|7 0
|9 61342
|a BRACUL
|b BRACUL
|c GEN
|d 2017-09-24
|e Karim International
|g 1930.00
|l 1
|o 720 LEC
|p 3010032055
|r 2021-12-23
|s 2021-12-15
|t 2
|w 2017-09-24
|y BK
|
| 952 |
|
|
|0 0
|1 0
|2 ddc
|4 0
|6 720_000000000000000_LEC
|7 0
|9 61343
|a BRACUL
|b BRACUL
|c GEN
|d 2017-09-24
|e Karim International
|g 1930.00
|l 2
|m 10
|o 720 LEC
|p 3010032056
|r 2021-12-23
|s 2021-12-15
|t 3
|w 2017-09-24
|y BK
|
| 952 |
|
|
|0 0
|1 0
|2 ddc
|4 0
|6 720_000000000000000_LEC
|7 0
|9 61344
|a BRACUL
|b BRACUL
|c GEN
|d 2017-09-24
|e Karim International
|g 1930.00
|l 2
|m 11
|o 720 LEC
|p 3010032057
|r 2021-12-23
|s 2021-12-15
|t 4
|w 2017-09-24
|y BK
|
| 952 |
|
|
|0 0
|1 0
|2 ddc
|4 0
|6 720_000000000000000_LEC
|7 0
|9 61345
|a BRACUL
|b BRACUL
|c GEN
|d 2017-09-24
|e Karim International
|g 1930.00
|l 1
|m 30
|o 720 LEC
|p 3010032058
|r 2022-01-27
|s 2019-11-05
|t 5
|w 2017-09-24
|y BK
|